000 00940nam a22002295i 4500
001 175984
003 ES-MaACL
005 20231226161528.0
008 101203s2009 sp a |||| | spa d
080 _a929 Martos, Cristino
100 1 _aSánchez-Palencia Mancebo, Isabel.
_9144185
245 1 0 _aCristino Martos Balbí
_b: Ministro de España : sus raíces toledanas /
_c[Isabel Sánchez-Palencia Mancebo].
260 _aMazarambroz (Toledo) :
_bAyuntamiento de Mazarambroz,
_cD. L. 2009.
300 _a38 p. (algunas pleg.) :
_bil. bl. y n. ;
_c21 cm.
490 1 _aAyuntamiento de Mazarambroz ;
_v1
504 _aBbibliografía: p. 38.
600 1 7 _aMartos, Cristino,
_d1830-1893
_2embne
_978547
710 1 _aMazarambroz (Toledo).
_bAyuntamiento.
_9144187
830 0 _aAyuntamiento de Mazarambroz ;
_v1
_9189884
852 _aES-MaACL
_j2272-F-6
_z.- Dedicatoria autógrafa de la autora
999 _c175984
_d175984